000 00392 a2200145 4500
999 _c41570
_d41570
003 OSt
005 20221003135037.0
008 221003b ||||| |||| 00| 0 eng d
040 _coclc
082 _a613
_bFAO/H
245 _aHuman vitamin and mineral requirements
260 _aRome:
_bFAO,
_c2001.
300 _a286 pages
942 _2ddc
_cBK
_h613
_iFAO/H
_k613
_mFAO/H